| 000 | 00368nam a2200157Ia 4500 | ||
|---|---|---|---|
| 008 | 210210b1967 xxu||||| |||| 00| 0 eng d | ||
| 041 | _aeng | ||
| 082 | _a370/68 | ||
| 100 | _aREAD (K H) | ||
| 245 | _aNursery school | ||
| 260 |
_aCalcutta _bOxford & I B H Publishing Co. _c1967 |
||
| 650 | _aschool | ||
| 650 | _aNursery | ||
| 690 | _aEducation | ||
| 906 | _a005008 | ||
| 999 |
_c128691 _d128691 |
||